000 00652nam a2200181Ia 4500
008 100921s9999 xx 000 0 und d
082 _b23267
_a891.462041 थ 90
100 _aवाडकर ज्ञानेश.
245 _aखंडीभर हुंडा.
260 _bअमित प्रकाशन, गोवा.
_c1990
300 _a35
_bअमित प्रकाशन, गोवा
365 _b8
520 _aललित-एकांकिका.
630 _aखंडीभर हुंडा.
650 _aललित-एकांकिका.
730 _aखंडीभर हुंडा.
942 _cBOOK
999 _c772380
_d772377